| 000 | 01269nac a22002891u 4500 | ||
|---|---|---|---|
| 010 | _a91046678 | ||
| 020 | _a0074633252 | ||
| 082 | 0 | 0 |
_a621.381 _bP1731 |
| 090 |
_c946 _d946 |
||
| 100 | _aPalmer, James E. | ||
| 245 | 1 | 0 |
_aSchaum's outline of theory and problems of introduction to digital systems / _cJames E. Palmer, David E. Perlman. |
| 260 |
_aNew Delhi : _bTata McGraw-Hill Pub. Co., _cc1993. |
||
| 300 |
_avii, 395 p. : _bill. ; _c28 cm. |
||
| 490 | 0 | _aSchaum's outline series | |
| 500 | _aCover title: Theory and problems of introduction to digital systems. | ||
| 500 | _aSpine title: Introduction to digital systems. | ||
| 500 | _aIncludes index. | ||
| 650 | 0 | _aDigital electronics. | |
| 650 | 0 | _aLogic circuits. | |
| 700 | 1 | _aPerlman, David E. | |
| 740 | 0 | _aIntroduction to digital systems. | |
| 740 | 0 | _aTheory and problems of introduction to digital systems. | |
| 856 | 4 | 2 |
_3Publisher description _uhttp://www.loc.gov/catdir/description/mh031/91046678.html |
| 856 | 4 | 2 |
_3Table of contents _uhttp://www.loc.gov/catdir/toc/mh021/91046678.html |
| 942 |
_cBB _k621.381P1731 |
||
| 999 |
_c946 _d946 |
||